Bandeiras da América do Sul - Statistics

Estatísticas Gerais
  • Esse quiz foi jogado 695 vezes
  • A pontuação média é 12 de 13
Estatísticas das Respostas
Imagem Resposta % Correto
Argentina
100%
Brasil
99%
Chile
97%
Uruguai
96%
Colombia
95%
Equador
95%
Venezuela
95%
Peru
94%
Paraguai
93%
Bolivia
92%
Guiana
92%
Suriname
88%
França
85%
Nenhum quiz correspondente encontrado
Distribuição das Pontuações
Porcentagem de Pessoas com Cada Pontuação
Percentil de Números Respondidos
Sua Pontuação Histórica
Você não jogou esse quiz